Proyecciones economicas de las finanzas publicas : un estudio experimental en El Salvador /

Bibliographic Details
Main Author: Wallich, Henry Christopher, 1914-1988
Other Authors: Adler, John H. (John Hans), 1913-
Format: Book
Language:Spanish
Published: Mexico : Fondo de Cultura Economica, [1949]
Edition:[1. ed.].
Subjects:

MARC

Tag First Indicator Second Indicator Subfields
LEADER 00000cam a2200000 4500
001 in00000085735
005 20151008053255.0
008 751028s1949 mx 00010 spa
010 |a  50030181  
035 |a (OCoLC)01742492 
035 |9 AAH6882AM 
040 |a DLC  |c FUG  |d TXA  |d UtOrBLW 
043 |a nces--- 
049 |a TXAM  |c [187439] 
050 0 |a HJ842  |b .W3 
092 |a 336.7284  |b W211p 
100 1 |a Wallich, Henry Christopher,  |d 1914-1988. 
245 1 0 |a Proyecciones economicas de las finanzas publicas :  |b un estudio experimental en El Salvador /  |c por Henry C. Wallich y John H. Adler, con la colaboracion de Eugene R. Schlesinger, Florence Nixon y Philip J. W. Glaessner. 
250 |a [1. ed.]. 
264 1 |a Mexico :  |b Fondo de Cultura Economica,  |c [1949] 
300 |a  363 pages :  |b tables. ;  |c 22cm. 
336 |a text  |b txt  |2 rdacontent 
337 |a unmediated  |b n  |2 rdamedia 
338 |a volume  |b nc  |2 rdacarrier 
650 0 |a Finance, Public  |z Salvador. 
700 1 |a Adler, John H.  |q (John Hans),  |d 1913- 
999 |a MARS 
999 f f |s 6bbfd10a-bdd0-3660-a449-bf8c1194775c  |i 5e88d015-7da1-3ce9-872a-71f33adb3ee5  |t 0 
952 f f |p ric  |a Texas A&M University  |b Rellis Campus  |c Joint Library Facility  |d Remote Storage  |t 0  |e HJ842 .W3  |h Library of Congress classification  |i unmediated -- volume  |m A14800751810 
998 f f |a HJ842 .W3  |t 0  |l Remote Storage